000 00217 a2200097 4500
001 13833
100 _aSanden H V
245 _aPractical Mathematical
260 _aLondon
_bMethuen & Co. Ltd
_c
090 _c10811
_d10811
942 _aNUST-CAE
_c905
_cM
999 _c248906
_d248906